[Event "Lueneburg Open-A 2019"]
[Site "Lueneburg"]
[Date "2019.08.11"]
[Round "9.2"]
[White "Feuerstack, Aljoscha"]
[Black "Kollars, Dmitrij"]
[Result "0-1"]
[WhiteElo "2441"]
[BlackElo "2581"]
[Annotator "TA"]
[PlyCount "90"]
[EventDate "2019.08.03"]
[EventType "swiss"]
[EventCountry "GER"]
[SourceTitle "playchess.com"]
[Source "ChessBase"]
[SourceQuality "1"]

{[%evp 9,90,20,6,-22,-5,-6,-2,-21,-8,-22,-22,-22,-17,-10,-16,-7,-15,-8,-5,-22,0,-4,0,-12,0,-85,-87,-84,-79,-121,-110,-218,-205,-241,-225,-233,-197,-206,-127,-109,-42,-38,-39,-293,-46,-33,-51,-37,-57,-101,0,0,0,0,0,0,0,0,0,0,0,-54,0,-107,0,0,0,0,0,-941,-848,-924,-914,-729,-714,-1962,-1625,-29971,-29972,-29971,-29973,-29971,-1575]} 1. e4 e5 2. Nf3 Nc6 3. d4 exd4 4. Nxd4 Nf6 5. Nxc6 bxc6 6. Qe2 {C45: Scotch Game} (6. e5 Qe7 7. Qe2 Nd5 8. c4 Nb6 9. Nc3 a5 10. Bd2 g6 11. Ne4 Bg7 12. Nf6+ Kd8 13. O-O-O Ba6 14. Qg4 Kc8 15. Bxa5 h5 16. Qg3 h4 17. Qg4 Qxe5 {½-½ (38) Radjabov,T (2756)-Topalov,V (2740) Shamkir 2019}) 6... Bb4+ 7. c3 Bc5 8. e5 {The position is equal.} Nd5 9. c4 Nb6 10. Qg4 g6 11. Bg5 d5 12. Qg3 Be7 $36 {[%mdl 2048] Black has some pressure.} 13. h4 {[#]} h6 $146 ({Predecessor:} 13... Nxc4 14. Bxc4 dxc4 {0-1 (102) Danin,A (2559)-Wagner,D (2563) Dresden 2017}) 14. Be3 Nxc4 15. Bxc4 dxc4 16. Nc3 Bf5 17. Qf4 (17. O-O $11 {keeps the balance.}) 17... Bd3 $1 $17 18. O-O-O Qd7 19. e6 fxe6 20. Rxd3 (20. Qe5 $17 {is a better defense.} O-O 21. Bxh6) 20... cxd3 $19 21. Qe4 O-O-O $1 22. Bxa7 d2+ 23. Kd1 Bf6 24. Rh3 {aiming for Qa4.} Bxc3 (24... Qd6 $17 {Threatens to win with ...Rhe8.} 25. Qa4 Qe5) 25. Qc4 $15 {[%cal Rc4a6] [#]} Qd5 $1 26. Qa6+ $1 Kd7 27. Rd3 Bxb2 {Strongly threatening ...Ra8.} 28. Rxd5+ exd5 29. Qd3 $1 Rhe8 (29... Ra8 $17 30. Qxd2 Be5) 30. Qxg6 $11 Bc1 {( -> ...Re1+)} 31. Be3 c5 32. Qh7+ Kc6 33. Qxh6+ Rd6 34. Qh5 Ree6 35. a4 (35. Qf3 $11) 35... d4 ({Black should try} 35... c4 $1 $15 36. Bxd2 Bxd2 37. Kxd2 Re4) 36. Qf3+ (36. Bxd2 $11 {was the only way to keep the balance.} Bxd2 37. Kxd2) 36... Kd7 (36... Rd5 $1 $17 37. Bxd2 Bxd2 38. Kxd2 c4) 37. Bxd2 Bxd2 38. Kxd2 {[%mdl 4096] Endgame KQ-KRR} d3 {White must now prevent ...c4.} 39. Qf5 $2 {[%mdl 8192] [#]} (39. a5 $11) 39... c4 $1 $19 {[%cal Rc4c3]} 40. Qb5+ {[#]} Rc6 $1 41. Kc3 Kc8 42. h5 Rcd6 43. h6 d2 {Black mates.} 44. h7 d1=Q 45. h8=Q+ Rd8 {Accuracy: White = 49%, Black = 64%.} 0-1

[Event "Lueneburg Open-A 2019"]
[Site "Lueneburg"]
[Date "2019.08.11"]
[Round "9.3"]
[White "Carlstedt, Jonathan"]
[Black "Colpe, Malte"]
[Result "1/2-1/2"]
[WhiteElo "2408"]
[BlackElo "2367"]
[Annotator "NA"]
[PlyCount "67"]
[EventDate "2019.08.03"]
[EventType "swiss"]
[EventCountry "GER"]
[SourceTitle "playchess.com"]
[Source "ChessBase"]
[SourceQuality "1"]
[TimeControl "40/5400+30:1800+30"]

1. d4 {[%emt 0:00:00]} d5 {[%emt 0:00:00]} 2. Nf3 {[%emt 0:00:00]} Nf6 {[%emt 0:00:00]} 3. e3 {[%emt 0:00:00]} e6 {[%emt 0:01:11]} 4. Bd3 {[%emt 0:00:21]} c5 {[%emt 0:00:41]} 5. b3 {[%emt 0:00:04]} Bd6 {[%emt 0:04:38]} 6. Nbd2 {[%emt 0:01:00]} b6 {[%emt 0:16:52]} 7. Bb2 {[%emt 0:04:04]} Ba6 {[%emt 0:02:18]} 8. c4 {[%emt 0:02:26]} O-O {[%emt 0:05:07]} 9. O-O {[%emt 0:01:07]} Nc6 {[%emt 0:02:01]} 10. dxc5 {[%emt 0:06:47]} Bxc5 {[%emt 0:11:57]} 11. Qb1 {[%emt 0:04:54]} dxc4 {[%emt 0:16:47]} 12. Nxc4 {[%emt 0:00:32]} Be7 {[%emt 0:07:02]} 13. a3 {[%emt 0:03:55]} h6 {[%emt 0:00:57]} 14. Rd1 {[%emt 0:02:34]} Qc7 {[%emt 0:01:30]} 15. Qa2 {[%emt 0:01:18]} Rac8 {[%emt 0:01:49]} 16. Rac1 {[%emt 0:00:39]} Qb8 {[%emt 0:05:11]} 17. Na5 {[%emt 0:15:59]} Nxa5 {[%emt 0:00:24]} 18. Bxa6 {[%emt 0:00:06]} Rxc1 {[%emt 0:00:10]} 19. Rxc1 {[%emt 0:00:32]} b5 {[%emt 0:03:34]} 20. Bd4 {[%emt 0:01:33]} Qd6 {[%emt 0:08:32]} 21. Bxb5 {[%emt 0:02:07]} Qxa3 {[%emt 0:00:15]} 22. Qxa3 {[%emt 0:02:07]} Bxa3 {[%emt 0:00:02]} 23. Ra1 {[%emt 0:06:16]} Bb4 {[%emt 0:10:32]} 24. Be5 {[%emt 0:02:06]} Nd5 {[%emt 0:00:00]} 25. Ba4 {[%emt 0:11:30]} Rc8 {[%emt 0:00:00]} 26. Nd4 {[%emt 0:00:40]} f6 {[%emt 0:00:00]} 27. Bd7 {[%emt 0:00:55]} Rd8 {[%emt 0:00:23]} 28. Bxe6+ {[%emt 0:00:14]} Kf8 {[%emt 0:00:23]} 29. Bg3 {[%emt 0:00:52]} Bc3 {[%emt 0:01:20]} 30. Rxa5 {[%emt 0:01:47]} Bxa5 {[%emt 0:00:20]} 31. Nc6 {[%emt 0:00:05]} Nc3 {[%emt 0:00:57]} 32. Nxd8 {[%emt 0:10:20]} Ne2+ {[%emt 0:00:07]} 33. Kf1 {[%emt 0:00:05]} Nxg3+ {[%emt 0:00:04]} 34. hxg3 {[%emt 0:00:07]} 1/2-1/2

[Event "Lueneburg Open-A 2019"]
[Site "Lueneburg"]
[Date "2019.08.11"]
[Round "9.4"]
[White "Wachinger, David"]
[Black "Sebastian, Dirk"]
[Result "0-1"]
[WhiteElo "2045"]
[BlackElo "2453"]
[Annotator "ChessBase"]
[PlyCount "62"]
[EventDate "2019.08.03"]
[EventType "swiss"]
[EventCountry "GER"]
[SourceTitle "playchess.com"]
[Source "ChessBase"]
[SourceQuality "1"]
[TimeControl "40/5400+30:1800+30"]

1. d4 {[%emt 0:00:00]} Nf6 {[%emt 0:00:00]} 2. c4 {[%emt 0:00:00]} c5 {[%emt 0:00:00]} 3. Nf3 {[%emt 0:00:42]} cxd4 {[%emt 0:00:00]} 4. Nxd4 {[%emt 0:00:09]} Nc6 {[%emt 0:00:11]} 5. Nc3 {[%emt 0:00:24]} e6 {[%emt 0:00:07]} 6. g3 {[%emt 0:00:34]} Qb6 {[%emt 0:00:20]} 7. Ndb5 {[%emt 0:00:22]} d5 {[%emt 0:02:48]} 8. Bg2 {[%emt 0:01:41]} d4 {[%emt 0:00:22]} 9. Na4 {[%emt 0:00:15]} Qa5+ {[%emt 0:00:05]} 10. Bd2 {[%emt 0:00:36]} Qd8 {[%emt 0:00:04]} 11. e3 {[%emt 0:04:09]} d3 {[%emt 0:00:25]} 12. O-O {[%emt 0:06:44]} Be7 {[%emt 0:01:34]} 13. b3 {[%emt 0:06:41]} O-O {[%emt 0:04:33]} 14. Nd4 {[%emt 0:18:16]} Nxd4 {[%emt 0:01:33]} 15. exd4 {[%emt 0:00:19]} Qxd4 {[%emt 0:00:07]} 16. Bc3 {[%emt 0:00:08]} Qd6 {[%emt 0:00:21]} 17. Nb2 {[%emt 0:00:51]} Rd8 {[%emt 0:00:26]} 18. Re1 {[%emt 0:02:26]} Qb6 {[%emt 0:02:46]} 19. Re3 {[%emt 0:13:57]} Bd7 {[%emt 0:07:46]} 20. Rxd3 {[%emt 0:01:54]} Bc6 {[%emt 0:01:48]} 21. Qe2 {[%emt 0:02:34]} Bxg2 {[%emt 0:04:49]} 22. Kxg2 {[%emt 0:00:17]} Qc6+ {[%emt 0:01:42]} 23. f3 {[%emt 0:13:44]} h5 {[%emt 0:10:58]} 24. Rad1 {[%emt 0:01:32]} h4 {[%emt 0:05:44]} 25. Rxd8+ {[%emt 0:06:08]} Rxd8 {[%emt 0:00:09]} 26. Rxd8+ {[%emt 0:00:05]} Bxd8 {[%emt 0:00:03]} 27. Nd3 {[%emt 0:01:28]} Bb6 {[%emt 0:06:27]} 28. Qd2 {[%emt 0:11:18]} h3+ {[%emt 0:03:59]} 29. Kxh3 {[%emt 0:00:18]} Qxf3 {[%emt 0:00:07]} 30. Bxf6 {[%emt 0:03:04]} Qf1+ {[%emt 0:04:18]} 31. Kg4 {[%emt 0:01:53]} Qf5+ {[%emt 0:00:12]} 0-1

[Event "Lueneburg Open-A 2019"]
[Site "Lueneburg"]
[Date "2019.08.11"]
[Round "9.5"]
[White "Kolbus, Dietmar"]
[Black "Sriram, Jha"]
[Result "0-1"]
[WhiteElo "2281"]
[BlackElo "2381"]
[Annotator "ChessBase"]
[PlyCount "138"]
[EventDate "2019.08.03"]
[EventType "swiss"]
[EventCountry "GER"]
[SourceTitle "playchess.com"]
[Source "ChessBase"]
[SourceQuality "1"]
[TimeControl "40/5400+30:1800+30"]

1. e4 {[%emt 0:00:00]} c5 {[%emt 0:01:32]} 2. Nf3 {[%emt 0:00:00]} d6 {[%emt 0:02:58]} 3. Bb5+ {[%emt 0:00:00]} Nc6 {[%emt 0:00:29]} 4. O-O {[%emt 0:01:09]} Bd7 {[%emt 0:00:11]} 5. Re1 {[%emt 0:00:20]} Nf6 {[%emt 0:00:11]} 6. c3 {[%emt 0:01:06]} a6 {[%emt 0:00:11]} 7. Bf1 {[%emt 0:03:04]} Bg4 {[%emt 0:00:19]} 8. d3 {[%emt 0:00:42]} e6 {[%emt 0:04:08]} 9. Nbd2 {[%emt 0:02:14]} Be7 {[%emt 0:00:08]} 10. Qc2 {[%emt 0:04:04]} O-O {[%emt 0:05:11]} 11. g3 {[%emt 0:09:34]} e5 {[%emt 0:10:47]} 12. h3 {[%emt 0:00:43]} Be6 {[%emt 0:00:19]} 13. Bg2 {[%emt 0:01:56]} h6 {[%emt 0:00:08]} 14. Nf1 {[%emt 0:00:16]} Re8 {[%emt 0:00:46]} 15. Ne3 {[%emt 0:01:21]} Bf8 {[%emt 0:01:05]} 16. c4 {[%emt 0:02:51]} Nd4 {[%emt 0:19:44]} 17. Nxd4 {[%emt 0:05:03]} cxd4 {[%emt 0:08:34]} 18. Nd5 {[%emt 0:01:26]} Nxd5 {[%emt 0:01:30]} 19. exd5 {[%emt 0:01:26]} Bf5 {[%emt 0:02:20]} 20. Bd2 {[%emt 0:04:30]} Qd7 {[%emt 0:00:13]} 21. Kh2 {[%emt 0:00:33]} g5 {[%emt 0:00:33]} 22. g4 {[%emt 0:21:57]} Bg6 {[%emt 0:00:20]} 23. Rad1 {[%emt 0:01:15]} f5 {[%emt 0:02:12]} 24. gxf5 {[%emt 0:00:23]} Qxf5 {[%emt 0:02:31]} 25. Ba5 {[%emt 0:03:09]} Bh5 {[%emt 0:03:11]} 26. Rb1 {[%emt 0:02:03]} Be7 {[%emt 0:02:29]} 27. Rg1 {[%emt 0:00:40]} Rf8 {[%emt 0:01:02]} 28. Rbf1 {[%emt 0:00:19]} Qf4+ {[%emt 0:01:59]} 29. Kh1 {[%emt 0:00:07]} Qh4 {[%emt 0:02:13]} 30. f4 {[%emt 0:03:56]} Bg4 {[%emt 0:04:13]} 31. Be1 {[%emt 0:03:10]} Qh5 {[%emt 0:02:24]} 32. fxe5 {[%emt 0:00:44]} Bxh3 {[%emt 0:06:00]} 33. Bg3 {[%emt 0:00:29]} dxe5 {[%emt 0:06:49]} 34. Rxf8+ {[%emt 0:08:04]} Rxf8 {[%emt 0:00:18]} 35. Bxh3 {[%emt 0:00:08]} Qxh3+ {[%emt 0:00:18]} 36. Qh2 {[%emt 0:00:08]} Qxh2+ {[%emt 0:02:21]} 37. Kxh2 {[%emt 0:00:02]} Bd6 {[%emt 0:00:33]} 38. b4 {[%emt 0:01:32]} b6 {[%emt 0:01:45]} 39. Re1 {[%emt 0:04:24]} Re8 {[%emt 0:01:57]} 40. Kg2 {[%emt 0:02:13]} Bxb4 {[%emt 0:02:37]} 41. Rxe5 {[%emt 0:30:08]} Kf7 {[%emt 0:33:23]} 42. Rxe8 {[%emt 0:03:51]} Kxe8 {[%emt 0:00:01]} 43. Be5 {[%emt 0:00:19]} Bc5 {[%emt 0:00:21]} 44. a4 {[%emt 0:00:13]} h5 {[%emt 0:00:00]} 45. Kf3 {[%emt 0:00:00]} Ke7 {[%emt 0:00:00]} 46. Ke4 {[%emt 0:00:00]} h4 {[%emt 0:00:00]} 47. Kf3 {[%emt 0:00:00]} Bd6 {[%emt 0:00:00]} 48. Bxd4 {[%emt 0:00:00]} h3 {[%emt 0:00:00]} 49. Kf2 {[%emt 0:00:00]} Bc7 {[%emt 0:00:00]} 50. Kg1 {[%emt 0:00:00]} g4 {[%emt 0:00:00]} 51. Be3 {[%emt 0:00:00]} g3 {[%emt 0:00:00]} 52. d4 {[%emt 0:00:00]} Kd7 {[%emt 0:01:31]} 53. c5 {[%emt 0:00:00]} b5 {[%emt 0:01:24]} 54. axb5 {[%emt 0:00:00]} axb5 {[%emt 0:00:01]} 55. d6 {[%emt 0:00:00]} Bxd6 {[%emt 0:00:24]} 56. cxd6 {[%emt 0:00:00]} b4 {[%emt 0:00:21]} 57. Bd2 {[%emt 0:00:00]} b3 {[%emt 0:00:03]} 58. Bc1 {[%emt 0:00:00]} Kxd6 {[%emt 0:00:02]} 59. Bb2 {[%emt 0:00:00]} Kd5 {[%emt 0:00:04]} 60. Bc3 {[%emt 0:00:38]} Ke4 {[%emt 0:00:08]} 61. Bb2 {[%emt 0:00:25]} Kf3 {[%emt 0:00:36]} 62. d5 {[%emt 0:00:08]} h2+ {[%emt 0:00:04]} 63. Kh1 {[%emt 0:00:06]} Kf2 {[%emt 0:00:19]} 64. Bd4+ {[%emt 0:00:12]} Kf1 {[%emt 0:00:01]} 65. d6 {[%emt 0:00:21]} b2 {[%emt 0:00:08]} 66. Bxb2 {[%emt 0:00:27]} g2+ {[%emt 0:00:05]} 67. Kxh2 {[%emt 0:00:04]} g1=Q+ {[%emt 0:00:06]} 68. Kh3 {[%emt 0:00:08]} Qg2+ {[%emt 0:00:09]} 69. Kh4 {[%emt 0:00:07]} Qxb2 {[%emt 0:00:04]} 0-1

[Event "Lueneburg Open-A 2019"]
[Site "Lueneburg"]
[Date "2019.08.11"]
[Round "9.6"]
[White "Poeck, Ole"]
[Black "Jahncke, Giso"]
[Result "0-1"]
[WhiteElo "2259"]
[BlackElo "2325"]
[Annotator "ChessBase"]
[PlyCount "132"]
[EventDate "2019.08.03"]
[EventType "swiss"]
[EventCountry "GER"]
[SourceTitle "playchess.com"]
[Source "ChessBase"]
[SourceQuality "1"]
[TimeControl "40/5400+30:1800+30"]

1. e4 {[%emt 0:00:00]} e5 {[%emt 0:00:16]} 2. Nf3 {[%emt 0:00:09]} Nc6 {[%emt 0:00:10]} 3. Bb5 {[%emt 0:00:06]} a6 {[%emt 0:00:05]} 4. Ba4 {[%emt 0:00:05]} Nf6 {[%emt 0:00:05]} 5. O-O {[%emt 0:00:06]} Be7 {[%emt 0:00:15]} 6. Re1 {[%emt 0:00:07]} b5 {[%emt 0:00:16]} 7. Bb3 {[%emt 0:00:01]} d6 {[%emt 0:00:10]} 8. c3 {[%emt 0:00:14]} O-O {[%emt 0:00:06]} 9. h3 {[%emt 0:00:03]} Bb7 {[%emt 0:00:37]} 10. d3 {[%emt 0:01:39]} Na5 {[%emt 0:02:29]} 11. Bc2 {[%emt 0:00:09]} c5 {[%emt 0:00:06]} 12. Nbd2 {[%emt 0:00:14]} Nc6 {[%emt 0:00:48]} 13. Nf1 {[%emt 0:00:15]} Re8 {[%emt 0:01:16]} 14. Ng3 {[%emt 0:00:10]} g6 {[%emt 0:05:19]} 15. Bh6 {[%emt 0:03:41]} Bf8 {[%emt 0:11:41]} 16. Qd2 {[%emt 0:00:16]} Qe7 {[%emt 0:03:35]} 17. Bg5 {[%emt 0:10:23]} Bg7 {[%emt 0:03:29]} 18. a4 {[%emt 0:07:01]} Qf8 {[%emt 0:02:45]} 19. Bb3 {[%emt 0:08:03]} Na5 {[%emt 0:02:50]} 20. Bc2 {[%emt 0:02:14]} Nc6 {[%emt 0:14:33]} 21. Bb3 {[%emt 0:00:08]} Nd7 {[%emt 0:00:33]} 22. axb5 {[%emt 0:05:20]} axb5 {[%emt 0:00:25]} 23. Be3 {[%emt 0:00:47]} h6 {[%emt 0:03:42]} 24. d4 {[%emt 0:13:13]} Na5 {[%emt 0:11:26]} 25. Ba2 {[%emt 0:02:52]} c4 {[%emt 0:07:29]} 26. dxe5 {[%emt 0:00:57]} Nxe5 {[%emt 0:00:14]} 27. Nxe5 {[%emt 0:00:08]} dxe5 {[%emt 0:00:43]} 28. Qc2 {[%emt 0:01:24]} Ra6 {[%emt 0:04:16]} 29. Rad1 {[%emt 0:01:37]} Rc8 {[%emt 0:08:22]} 30. f3 {[%emt 0:07:04]} h5 {[%emt 0:06:13]} 31. Rd7 {[%emt 0:04:52]} Bc6 {[%emt 0:00:29]} 32. Ra7 {[%emt 0:00:13]} Rxa7 {[%emt 0:11:17]} 33. Bxa7 {[%emt 0:00:17]} Ra8 {[%emt 0:00:00]} 34. Be3 {[%emt 0:00:38]} Bd7 {[%emt 0:00:00]} 35. Qf2 {[%emt 0:04:30]} Be6 {[%emt 0:00:00]} 36. Nf1 {[%emt 0:03:57]} Bf6 {[%emt 0:00:00]} 37. Rd1 {[%emt 0:03:08]} Qe7 {[%emt 0:00:00]} 38. Bc5 {[%emt 0:01:08]} Qc7 {[%emt 0:00:00]} 39. Bb6 {[%emt 0:04:12]} Qb7 {[%emt 0:01:33]} 40. Bc5 {[%emt 0:01:23]} Qc8 {[%emt 0:01:42]} 41. Bb6 {[%emt 0:31:54]} Be7 {[%emt 0:00:59]} 42. Kh2 {[%emt 0:00:00]} Nb7 {[%emt 0:03:32]} 43. Bb1 {[%emt 0:00:00]} Qc6 {[%emt 0:01:06]} 44. Be3 {[%emt 0:00:00]} Nc5 {[%emt 0:01:35]} 45. Bc2 {[%emt 0:00:00]} Ra2 {[%emt 0:01:16]} 46. Bc1 {[%emt 0:00:00]} Ra1 {[%emt 0:01:51]} 47. Qe2 {[%emt 0:00:00]} Qa8 {[%emt 0:04:59]} 48. Qe1 {[%emt 0:00:00]} Nd7 {[%emt 0:05:27]} 49. h4 {[%emt 0:00:44]} Bf8 {[%emt 0:01:14]} 50. Bg5 {[%emt 0:05:01]} Ra2 {[%emt 0:00:59]} 51. Bc1 {[%emt 0:00:14]} Kh7 {[%emt 0:00:22]} 52. g3 {[%emt 0:01:03]} Qa7 {[%emt 0:05:07]} 53. Kg2 {[%emt 0:03:53]} Bh6 {[%emt 0:02:04]} 54. Bxh6 {[%emt 0:00:24]} Kxh6 {[%emt 0:00:58]} 55. Qd2+ {[%emt 0:01:15]} Kh7 {[%emt 0:00:39]} 56. Bb1 {[%emt 0:00:20]} Ra1 {[%emt 0:00:20]} 57. Bc2 {[%emt 0:00:42]} Qa2 {[%emt 0:01:08]} 58. Rxa1 {[%emt 0:00:35]} Qxa1 {[%emt 0:00:04]} 59. Bd1 {[%emt 0:00:11]} Nc5 {[%emt 0:00:27]} 60. Ne3 {[%emt 0:00:12]} Nd3 {[%emt 0:00:47]} 61. b3 {[%emt 0:01:01]} Qb1 {[%emt 0:03:31]} 62. bxc4 {[%emt 0:00:27]} Bxc4 {[%emt 0:00:20]} 63. Kh2 {[%emt 0:02:57]} Nb2 {[%emt 0:02:24]} 64. Bc2 {[%emt 0:00:51]} Qa2 {[%emt 0:00:33]} 65. Bd3 {[%emt 0:01:40]} Nxd3 {[%emt 0:00:54]} 66. Nxc4 {[%emt 0:00:02]} Qxc4 {[%emt 0:00:09]} 0-1

[Event "Lueneburg Open-A 2019"]
[Site "Lueneburg"]
[Date "2019.08.11"]
[Round "9.7"]
[White "Hommer, Jeremy"]
[Black "Ertan, Can"]
[Result "0-1"]
[WhiteElo "2083"]
[BlackElo "2396"]
[Annotator "NA"]
[PlyCount "74"]
[EventDate "2019.08.03"]
[EventType "swiss"]
[EventCountry "GER"]
[SourceTitle "playchess.com"]
[Source "ChessBase"]
[SourceQuality "1"]
[TimeControl "40/5400+30:1800+30"]

1. d4 {[%emt 0:00:00]} c5 {[%emt 0:00:00]} 2. Nf3 {[%emt 0:03:42]} cxd4 {[%emt 0:00:03]} 3. Nxd4 {[%emt 0:04:47]} Nc6 {[%emt 0:01:53]} 4. g3 {[%emt 0:05:13]} g6 {[%emt 0:06:21]} 5. Bg2 {[%emt 0:02:18]} Bg7 {[%emt 0:00:06]} 6. c3 {[%emt 0:00:18]} Nf6 {[%emt 0:04:25]} 7. O-O {[%emt 0:01:37]} O-O {[%emt 0:00:29]} 8. e4 {[%emt 0:05:48]} Qc7 {[%emt 0:02:14]} 9. Be3 {[%emt 0:11:00]} d6 {[%emt 0:01:33]} 10. h3 {[%emt 0:00:54]} a6 {[%emt 0:05:52]} 11. Nd2 {[%emt 0:02:52]} e5 {[%emt 0:10:50]} 12. Nc2 {[%emt 0:03:32]} Be6 {[%emt 0:01:39]} 13. f4 {[%emt 0:05:02]} b5 {[%emt 0:11:06]} 14. Kh2 {[%emt 0:04:43]} exf4 {[%emt 0:24:00]} 15. gxf4 {[%emt 0:00:14]} Rad8 {[%emt 0:01:33]} 16. Qf3 {[%emt 0:13:56]} d5 {[%emt 0:02:36]} 17. e5 {[%emt 0:00:59]} Ne4 {[%emt 0:00:04]} 18. Nxe4 {[%emt 0:03:18]} dxe4 {[%emt 0:00:04]} 19. Qf2 {[%emt 0:00:37]} Qc8 {[%emt 0:01:34]} 20. Rfe1 {[%emt 0:09:12]} f5 {[%emt 0:05:28]} 21. exf6 {[%emt 0:01:12]} Rxf6 {[%emt 0:00:05]} 22. Bd4 {[%emt 0:00:19]} Nxd4 {[%emt 0:02:14]} 23. Nxd4 {[%emt 0:00:01]} Bf5 {[%emt 0:03:02]} 24. Bxe4 {[%emt 0:09:14]} Bxh3 {[%emt 0:00:23]} 25. Nc6 {[%emt 0:00:55]} Re8 {[%emt 0:05:40]} 26. Bd5+ {[%emt 0:02:08]} Kh8 {[%emt 0:01:24]} 27. Rxe8+ {[%emt 0:03:24]} Qxe8 {[%emt 0:00:04]} 28. Re1 {[%emt 0:00:14]} Qd7 {[%emt 0:00:09]} 29. Qc5 {[%emt 0:01:48]} Bh6 {[%emt 0:07:32]} 30. Qd4 {[%emt 0:02:51]} Bxf4+ {[%emt 0:00:08]} 31. Kh1 {[%emt 0:00:00]} Bg5 {[%emt 0:01:58]} 32. Ne5 {[%emt 0:01:22]} Qf5 {[%emt 0:00:33]} 33. Nf7+ {[%emt 0:01:57]} Kg7 {[%emt 0:00:03]} 34. Nxg5 {[%emt 0:00:33]} Qxg5 {[%emt 0:00:05]} 35. Qa7+ {[%emt 0:00:38]} Kh6 {[%emt 0:00:18]} 36. Qe3 {[%emt 0:00:15]} Rf4 {[%emt 0:01:11]} 37. Bb7 {[%emt 0:00:48]} Bf1 {[%emt 0:00:11]} 0-1

[Event "Lueneburg Open-A 2019"]
[Site "Lueneburg"]
[Date "2019.08.11"]
[Round "9.8"]
[White "Ishak, Rashid"]
[Black "Kiesel, Lucas"]
[Result "1-0"]
[WhiteElo "2141"]
[BlackElo "1966"]
[Annotator "NA"]
[PlyCount "79"]
[EventDate "2019.08.03"]
[EventType "swiss"]
[EventCountry "GER"]
[SourceTitle "playchess.com"]
[Source "ChessBase"]
[SourceQuality "1"]
[TimeControl "40/5400+30:1800+30"]

1. e4 {[%emt 0:00:00]} e5 {[%emt 0:00:00]} 2. Nf3 {[%emt 0:00:00]} Nf6 {[%emt 0:00:00]} 3. Nc3 {[%emt 0:00:00]} Nc6 {[%emt 0:00:15]} 4. Bc4 {[%emt 0:00:00]} Nxe4 {[%emt 0:01:44]} 5. Nxe4 {[%emt 0:00:07]} d5 {[%emt 0:00:01]} 6. Bd3 {[%emt 0:00:10]} dxe4 {[%emt 0:00:05]} 7. Bxe4 {[%emt 0:00:13]} Bd6 {[%emt 0:01:04]} 8. O-O {[%emt 0:06:05]} Be6 {[%emt 0:03:20]} 9. c3 {[%emt 0:00:37]} O-O {[%emt 0:05:00]} 10. d4 {[%emt 0:01:55]} exd4 {[%emt 1:23:31]} 11. Ng5 {[%emt 0:00:13]} g6 {[%emt 0:00:00]} 12. Nxe6 {[%emt 0:00:22]} fxe6 {[%emt 0:00:00]} 13. Qg4 {[%emt 0:00:29]} Qf6 {[%emt 0:00:00]} 14. Bxc6 {[%emt 0:04:51]} bxc6 {[%emt 0:00:00]} 15. cxd4 {[%emt 0:00:25]} Rab8 {[%emt 0:00:00]} 16. b3 {[%emt 0:07:22]} c5 {[%emt 0:00:00]} 17. Bb2 {[%emt 0:26:43]} c4 {[%emt 0:00:00]} 18. Qe2 {[%emt 0:06:05]} cxb3 {[%emt 0:00:00]} 19. d5 {[%emt 0:02:44]} e5 {[%emt 0:00:00]} 20. axb3 {[%emt 0:12:32]} Rxb3 {[%emt 0:00:00]} 21. Rxa7 {[%emt 0:06:25]} Rfb8 {[%emt 0:00:00]} 22. Bc1 {[%emt 0:00:45]} Qf5 {[%emt 0:00:00]} 23. Ra4 {[%emt 0:04:28]} Rb1 {[%emt 0:00:00]} 24. g3 {[%emt 0:00:47]} R1b4 {[%emt 0:00:00]} 25. Rxb4 {[%emt 0:03:18]} Rxb4 {[%emt 0:00:00]} 26. Bh6 {[%emt 0:02:51]} Rb1 {[%emt 0:00:00]} 27. Rxb1 {[%emt 0:02:04]} Qxb1+ {[%emt 0:00:00]} 28. Kg2 {[%emt 0:00:58]} Qb3 {[%emt 0:00:00]} 29. Qe4 {[%emt 0:01:03]} Qb5 {[%emt 0:04:07]} 30. g4 {[%emt 0:00:58]} Qd7 {[%emt 0:01:21]} 31. h3 {[%emt 0:00:20]} Qf7 {[%emt 0:01:17]} 32. Qf3 {[%emt 0:01:37]} Qxf3+ {[%emt 0:02:03]} 33. Kxf3 {[%emt 0:00:08]} Be7 {[%emt 0:00:43]} 34. Ke4 {[%emt 0:00:15]} Bf6 {[%emt 0:00:31]} 35. Bd2 {[%emt 0:00:24]} Kf7 {[%emt 0:00:46]} 36. Ba5 {[%emt 0:00:07]} Bd8 {[%emt 0:00:46]} 37. d6 {[%emt 0:00:52]} cxd6 {[%emt 0:00:09]} 38. Bxd8 {[%emt 0:00:10]} Ke6 {[%emt 0:00:02]} 39. f4 {[%emt 0:00:24]} d5+ {[%emt 0:00:03]} 40. Ke3 {[%emt 0:00:32]} 1-0

[Event "Lueneburg Open-A 2019"]
[Site "Lueneburg"]
[Date "2019.08.11"]
[Round "9.9"]
[White "Koellner, Aaron Noah"]
[Black "Wronn, Bernd"]
[Result "0-1"]
[WhiteElo "2044"]
[BlackElo "2128"]
[Annotator "NA"]
[PlyCount "63"]
[EventDate "2019.08.03"]
[EventType "swiss"]
[EventCountry "GER"]
[SourceTitle "playchess.com"]
[Source "ChessBase"]
[SourceQuality "1"]
[TimeControl "40/5400+30:1800+30"]

1. d4 {[%emt 0:00:00]} d5 {[%emt 0:00:09]} 2. c4 {[%emt 0:00:00]} e6 {[%emt 0:00:26]} 3. Nc3 {[%emt 0:00:29]} Nf6 {[%emt 0:00:16]} 4. cxd5 {[%emt 0:00:30]} exd5 {[%emt 0:00:08]} 5. Qc2 {[%emt 0:01:18]} c6 {[%emt 0:03:10]} 6. Bg5 {[%emt 0:00:07]} Be7 {[%emt 0:02:45]} 7. e3 {[%emt 0:01:18]} h6 {[%emt 0:04:47]} 8. Bh4 {[%emt 0:00:53]} O-O {[%emt 0:00:29]} 9. Bd3 {[%emt 0:00:31]} Re8 {[%emt 0:02:10]} 10. Nf3 {[%emt 0:04:11]} Nbd7 {[%emt 0:00:51]} 11. Bg3 {[%emt 0:06:42]} Nf8 {[%emt 0:02:08]} 12. O-O {[%emt 0:02:06]} Bd6 {[%emt 0:01:14]} 13. Rab1 {[%emt 0:02:56]} a5 {[%emt 0:16:48]} 14. a3 {[%emt 0:02:35]} Ne6 {[%emt 0:04:14]} 15. b4 {[%emt 0:03:46]} Ng5 {[%emt 0:01:09]} 16. Ne5 {[%emt 0:10:12]} Qe7 {[%emt 0:05:41]} 17. Qb3 {[%emt 0:12:39]} axb4 {[%emt 0:02:56]} 18. axb4 {[%emt 0:00:12]} Nh5 {[%emt 0:07:08]} 19. Nf3 {[%emt 0:08:59]} Nxf3+ {[%emt 0:03:26]} 20. gxf3 {[%emt 0:00:05]} Nxg3 {[%emt 0:00:21]} 21. hxg3 {[%emt 0:00:28]} Bxg3 {[%emt 0:00:12]} 22. fxg3 {[%emt 0:00:57]} Qxe3+ {[%emt 0:00:21]} 23. Kg2 {[%emt 0:00:03]} Qxd3 {[%emt 0:00:36]} 24. Rbd1 {[%emt 0:01:20]} Re2+ {[%emt 0:06:08]} 25. Rf2 {[%emt 0:00:04]} Rxf2+ {[%emt 0:00:09]} 26. Kxf2 {[%emt 0:00:05]} Qf5 {[%emt 0:00:36]} 27. b5 {[%emt 0:00:22]} Qh3 {[%emt 0:00:16]} 28. bxc6 {[%emt 0:00:17]} Qh2+ {[%emt 0:00:32]} 29. Ke3 {[%emt 0:00:04]} bxc6 {[%emt 0:00:33]} 30. Qb6 {[%emt 0:00:35]} Bd7 {[%emt 0:01:20]} 31. Qc7 {[%emt 0:00:26]} Re8+ {[%emt 0:00:15]} 32. Kf4 {[%emt 0:00:11]} 0-1